| 000 | 00382nam a22001577a 4500 | ||
|---|---|---|---|
| 999 |
_c196229 _d196229 |
||
| 005 | 20230607122149.0 | ||
| 010 | _aB-691398 | ||
| 020 | _c599.00 | ||
| 035 | _aB-691398 | ||
| 100 | _aKazuo Ishiguro | ||
| 245 |
_aWhen we were orphans/ _cby Kazuo Ishiguro |
||
| 260 |
_aDelhi _bPansy Books |
||
| 270 |
_aSomesh Vihar _bDelhi _e110071 |
||
| 300 |
_avp. _c22cm |
||
| 942 |
_2ddc _cEN _mKAZ |
||